La nobleza de León en la Orden de Carlos III / (Record no. 164709)

MARC details
000 -LEADER
campo de control de longitud fija 00968nam a22002295i 4500
001 - NÚMERO DE CONTROL
campo de control 164709
003 - IDENTIFICADOR DE NÚMERO DE CONTROL
campo de control ES-MaACL
005 - FECHA Y HORA DE LA ÚLTIMA TRANSACCIÓN
campo de control 20250930063145.0
008 - DATOS DE LONGITUD FIJA--INFORMACIÓN GENERAL
campo de control de longitud fija 150924s1946 sp a |||| |dspa d
100 1# - ENTRADA PRINCIPAL--NOMBRE DE PERSONA
Nombre de persona Válgoma y Díaz-Varela, Dalmiro de la,
Fechas asociadas al nombre 1904-1990
9 (RLIN) 112691
245 13 - MENCIÓN DEL TÍTULO
Título La nobleza de León en la Orden de Carlos III /
Mención de responsabilidad, etc. por Dalmiro de la Válgoma y Díaz-Varela ; prólogo del marqués del Saltillo.
260 ## - PUBLICACIÓN, DISTRIBUCIÓN, ETC.
Lugar de publicación, distribución, etc. Madrid :
Nombre del editor, distribuidor, etc. Consejo Superior de Investigaciones Científicas, Instituto Jerónimo Zurita,
Fecha de publicación, distribución, etc. 1946.
300 ## - DESCRIPCIÓN FÍSICA
Extensión XXIX, 368 p. ;
Dimensiones 24 cm.
490 1# - MENCIÓN DE SERIE
Mención de serie Genealogía y heráldica ;
Designación de volumen o secuencia 4
610 24 - PUNTO DE ACCESO ADICIONAL DE MATERIA--NOMBRE DE ENTIDAD CORPORATIVA
Nombre de entidad corporativa o nombre de jurisdicción como elemento de entrada Orden de Carlos III.
9 (RLIN) 157629
650 #4 - PUNTO DE ACCESO ADICIONAL DE MATERIA--TÉRMINO DE MATERIA
Término de materia o nombre geográfico como elemento de entrada Nobleza-
Subdivisión geográfica León.
9 (RLIN) 157628
700 1# - ENTRADA AGREGADA--NOMBRE PERSONAL
Nombre de persona Saltillo, Miguel Lasso de la Vega y López de Tejada,
Títulos y otros términos asociados al nombre Marqués del,
Fechas asociadas al nombre 1893-1957
9 (RLIN) 188502
710 2# - ENTRADA AGREGADA--NOMBRE DE ENTIDAD CORPORATIVA
Nombre de entidad corporativa o nombre de jurisdicción como elemento de entrada Instituto Jerónimo Zurita
9 (RLIN) 5106
830 1# - PUNTO DE ACCESO ADICIONAL DE SERIE-TÍTULO UNIFORME
Título uniforme Genealogía y heráldica ;
Designación de volumen o secuencia 4
9 (RLIN) 187955
852 ## - LOCALIZACIÓN
Ubicación ES-MaACL
Número de control de estantería B-13911
Holdings
Estatus retirado Estado de pérdida Estado de daño No para préstamo Biblioteca de origen Biblioteca actual Ubicación en estantería Fecha de adquisición Fuente de adquisición Total de préstamos Signatura topográfica completa Código de barras Visto por última vez Precio de reemplazo Tipo de ítem Koha
        Biblioteca del Ateneo de Madrid Biblioteca del Ateneo de Madrid Sala Pardo Bazán 24/09/2015     B-13911 1194203 23/02/2023 23/02/2023 Libro impreso